[Event "Marienbad Open-B2 2019"]
[Site "Marianske Lazne"]
[Date "2019.01.22"]
[Round "5"]
[White "Kacharava, Nikolozi"]
[Black "Lukasiewicz, Krzysztof"]
[Result "1-0"]
[WhiteElo "2397"]
[BlackElo "2223"]
[Annotator "NA"]
[PlyCount "135"]
[EventDate "2019.01.17"]
[EventType "tourn"]
[EventCountry "CZE"]
[SourceTitle "playchess.com"]
[Source "ChessBase"]
[SourceQuality "1"]
[TimeControl "40/5400+30:1800+30"]

1. e4 {[%emt 0:00:00]} e5 {[%emt 0:00:00]} 2. Nf3 {[%emt 0:00:00]} Nc6 {[%emt 0:00:00]} 3. Bc4 {[%emt 0:00:19]} Bc5 {[%emt 0:00:04]} 4. c3 {[%emt 0:00:26]} Nf6 {[%emt 0:00:14]} 5. d3 {[%emt 0:00:17]} d6 {[%emt 0:00:05]} 6. O-O {[%emt 0:00:29]} O-O {[%emt 0:00:10]} 7. a4 {[%emt 0:00:34]} a5 {[%emt 0:00:12]} 8. Bg5 {[%emt 0:00:50]} h6 {[%emt 0:03:49]} 9. Bh4 {[%emt 0:00:22]} Ba7 {[%emt 0:21:18]} 10. Na3 {[%emt 0:02:55]} Be6 {[%emt 0:10:15]} 11. Re1 {[%emt 0:06:25]} Qe7 {[%emt 0:02:17]} 12. Bb5 {[%emt 0:17:15]} Nb8 {[%emt 0:16:02]} 13. d4 {[%emt 0:01:06]} c6 {[%emt 0:01:21]} 14. Bd3 {[%emt 0:09:10]} Nbd7 {[%emt 0:07:04]} 15. h3 {[%emt 0:01:36]} Rfe8 {[%emt 0:06:02]} 16. Nc4 {[%emt 0:08:45]} Bxc4 {[%emt 0:02:04]} 17. Bxc4 {[%emt 0:01:24]} Nf8 {[%emt 0:00:15]} 18. Bg3 {[%emt 0:14:05]} Rad8 {[%emt 0:08:04]} 19. Nh4 {[%emt 0:09:50]} g6 {[%emt 0:02:36]} 20. Qb3 {[%emt 0:04:10]} Nh5 {[%emt 0:03:51]} 21. Nf3 {[%emt 0:03:04]} Nxg3 {[%emt 0:00:59]} 22. fxg3 {[%emt 0:00:01]} Rd7 {[%emt 0:01:36]} 23. Kh2 {[%emt 0:00:57]} Kg7 {[%emt 0:00:04]} 24. Rf1 {[%emt 0:02:17]} Nh7 {[%emt 0:01:40]} 25. Rf2 {[%emt 0:05:00]} Rf8 {[%emt 0:04:10]} 26. Raf1 {[%emt 0:02:40]} Qe8 {[%emt 0:00:07]} 27. Rd2 {[%emt 0:01:34]} Nf6 {[%emt 0:02:22]} 28. dxe5 {[%emt 0:01:54]} Nxe4 {[%emt 0:00:07]} 29. Re2 {[%emt 0:00:30]} d5 {[%emt 0:00:06]} 30. Bd3 {[%emt 0:01:11]} Nc5 {[%emt 0:00:16]} 31. Qc2 {[%emt 0:00:25]} Re7 {[%emt 0:01:18]} 32. Rfe1 {[%emt 0:03:37]} Bb8 {[%emt 0:00:50]} 33. c4 {[%emt 0:01:27]} Nxd3 {[%emt 0:03:39]} 34. Qxd3 {[%emt 0:00:04]} dxc4 {[%emt 0:00:03]} 35. Qxc4 {[%emt 0:00:17]} Qd8 {[%emt 0:01:37]} 36. Qc3 {[%emt 0:02:06]} Rfe8 {[%emt 0:00:46]} 37. Rd2 {[%emt 0:00:43]} Qc7 {[%emt 0:00:08]} 38. Red1 {[%emt 0:00:30]} Kh7 {[%emt 0:00:49]} 39. Rd6 {[%emt 0:00:35]} Qb6 {[%emt 0:02:10]} 40. Rf6 {[%emt 0:00:21]} Rd8 {[%emt 0:00:58]} 41. Rf1 {[%emt 0:03:22]} Rdd7 {[%emt 0:13:25]} 42. e6 {[%emt 0:03:44]} fxe6 {[%emt 0:02:09]} 43. Rf8 {[%emt 0:01:04]} Bxg3+ {[%emt 0:01:36]} 44. Kxg3 {[%emt 0:00:55]} Qc7+ {[%emt 0:00:05]} 45. Qe5 {[%emt 0:05:08]} Qxe5+ {[%emt 0:00:49]} 46. Nxe5 {[%emt 0:00:05]} Rd5 {[%emt 0:00:06]} 47. Kf4 {[%emt 0:01:58]} Rd2 {[%emt 0:01:07]} 48. b3 {[%emt 0:07:07]} Rb2 {[%emt 0:01:24]} 49. Nc4 {[%emt 0:02:44]} Rxb3 {[%emt 0:02:04]} 50. Ke5 {[%emt 0:00:30]} Rb4 {[%emt 0:00:45]} 51. Nd6 {[%emt 0:01:48]} Rxa4 {[%emt 0:00:05]} 52. Kf6 {[%emt 0:02:55]} Rg7 {[%emt 0:01:36]} 53. Nf7 {[%emt 0:00:53]} Rg8 {[%emt 0:00:08]} 54. Rxg8 {[%emt 0:00:36]} Kxg8 {[%emt 0:00:03]} 55. Kxg6 {[%emt 0:00:26]} Kf8 {[%emt 0:00:06]} 56. Nd6+ {[%emt 0:00:29]} Ke7 {[%emt 0:00:05]} 57. Nxb7 {[%emt 0:00:10]} Ra2 {[%emt 0:00:14]} 58. Rf7+ {[%emt 0:00:32]} Ke8 {[%emt 0:00:04]} 59. g4 {[%emt 0:00:38]} Rh2 {[%emt 0:00:10]} 60. Nxa5 {[%emt 0:01:30]} Rxh3 {[%emt 0:00:06]} 61. Nxc6 {[%emt 0:01:05]} Rh4 {[%emt 0:00:42]} 62. Ne5 {[%emt 0:00:52]} Rh1 {[%emt 0:00:07]} 63. Rh7 {[%emt 0:00:26]} Re1 {[%emt 0:00:23]} 64. Kf6 {[%emt 0:00:13]} Rf1+ {[%emt 0:00:49]} 65. Kxe6 {[%emt 0:00:13]} Rf4 {[%emt 0:00:05]} 66. Rh8+ {[%emt 0:00:18]} Rf8 {[%emt 0:00:05]} 67. Rxf8+ {[%emt 0:00:11]} Kxf8 {[%emt 0:00:04]} 68. Kf6 1-0

[Event "Marienbad Open-B2 2019"]
[Site "Marianske Lazne"]
[Date "2019.01.22"]
[Round "5"]
[White "Cerveny, Petr"]
[Black "Plischki, Sebastian"]
[Result "1-0"]
[WhiteElo "2318"]
[BlackElo "2426"]
[Annotator "TA"]
[PlyCount "81"]
[EventDate "2019.01.17"]
[EventType "tourn"]
[EventCountry "CZE"]
[SourceTitle "playchess.com"]
[Source "ChessBase"]
[SourceQuality "1"]

{[%evp 22,81,-52,-47,-40,-43,-34,-61,-54,-73,-68,-79,-72,-83,-87,-96,-35,-35,-35,-56,-48,-36,-34,-42,-36,-35,-13,-14,0,-65,-45,-50,-43,-62,-69,-67,-52,-88,-11,-12,-10,-12,-18,-26,-58,-42,861,821,710,729,1660,1618,1523,1328,29990,29987,29987,29988,29988,29989,29989,29990]} 1. e4 (1. Nf3 d5 2. g3 Nf6 3. Bg2 e6 4. O-O Be7 5. d3 O-O 6. Nbd2 c5 7. e4 {1-0 (63) Nepomniachtchi,I (2751)-Dominguez Perez,L (2739) Saint Louis 2017}) 1... c5 $146 ({Predecessor:} 1... e6 2. d3 d5 3. Nd2 Nf6 4. Ngf3 c5 5. g3 Nc6 {1-0 (44) Kalezic,B (2460)-Polivanov,A (2374) Skopje 2018}) 2. Nf3 e6 3. g3 Nc6 4. Bg2 Nf6 5. d3 d5 6. Nbd2 Be7 7. O-O O-O 8. Re1 ({Predecessor:} 8. e5 Nd7 9. Re1 {1-0 (44) Kalezic,B (2460)-Polivanov,A (2374) Skopje 2018}) 8... Qc7 9. e5 Nd7 10. Qe2 b5 11. h4 (11. Nf1 Bb7 {1-0 (63) Nepomniachtchi,I (2751)-Dominguez Perez,L (2739) Saint Louis 2017}) ({Predecessor:} 11. Nf1 Bb7 {1-0 (44) Kalezic,B (2460)-Polivanov,A (2374) Skopje 2018}) 11... Bb7 12. Nf1 Rfc8 {C00: French: Unusual White 2nd moves} 13. Bf4 (13. Bd2 b4 14. N1h2 Qd8 15. Bg5 h6 16. Bxe7 Nxe7 17. Qd2 a5 18. h5 c4 19. Nd4 Nc6 20. Nhf3 Nxd4 21. Nxd4 cxd3 22. cxd3 {1-0 (63) Nepomniachtchi,I (2751)-Dominguez Perez,L (2739) Saint Louis 2017}) 13... Qd8 14. N1h2 b4 {Black is slightly better.} 15. Bh3 ({Predecessor:} 15. c3 a5 16. Rac1 a4 17. c4 dxc4 18. dxc4 a3 19. b3 Rab8 20. Rcd1 {1-0 (44) Kalezic,B (2460)-Polivanov,A (2374) Skopje 2018}) 15... a5 16. h5 h6 $1 17. Ng4 Bf8 18. Qd2 Nd4 (18... d4 $17) 19. Nxd4 $15 cxd4 20. Nh2 {[#]} b3 $1 {[%mdl 512]} 21. Rec1 (21. axb3 Bb4) 21... bxc2 22. Rxc2 Rxc2 23. Qxc2 a4 {[%cal Ba5a4,Ba4a3][%mdl 32]} 24. Nf3 Qb6 25. Kh1 (25. Rb1 $11) 25... a3 26. b3 Rc8 27. Qe2 Ba6 28. Bf1 Bb4 29. g4 Nc5 (29... Rc3 $17 30. Qd1 Qb7) 30. Qd1 $11 Bc3 31. Rb1 Bb5 {Strongly threatening ...Qa6.} 32. g5 $1 {[%cal Rg5h6]} Qa6 $1 {[%cal Rc5d3]} 33. gxh6 {Hoping for Nxd4!} Nxd3 $2 {[%mdl 8192]} (33... Bxd3 $15 34. Nxd4 Bxd4) 34. Bxd3 $18 Bxd3 {[#]} 35. Qg1 $1 {[%csl Gh6][%cal Rg1g7]} g6 {[#]} 36. Qg5 $3 {[%cal Rg5f6][%mdl 512] Qf6! would kill now.} Bxb1 37. Kg1 {Intending Qf6 and mate.} f6 38. Qxf6 {[%csl Gh6][%cal Rf6g7] White mates.} Qb7 39. hxg6 Bxg6 40. Qxg6+ Kh8 41. Bg5 {Accuracy: White = 63%, Black = 41%.} 1-0

[Event "Marienbad Open-B2 2019"]
[Site "Marianske Lazne"]
[Date "2019.01.22"]
[Round "5"]
[White "German, Nikita"]
[Black "Jurek, Josef"]
[Result "1/2-1/2"]
[WhiteElo "2162"]
[BlackElo "2273"]
[Annotator "NA"]
[PlyCount "31"]
[EventDate "2019.01.17"]
[EventType "tourn"]
[EventCountry "CZE"]
[SourceTitle "playchess.com"]
[Source "ChessBase"]
[SourceQuality "1"]
[TimeControl "40/5400+30:1800+30"]

1. e4 {[%emt 0:01:43]} e6 {[%emt 0:00:04]} 2. d4 {[%emt 0:00:18]} d5 {[%emt 0:00:12]} 3. Nd2 {[%emt 0:00:35]} Be7 {[%emt 0:00:46]} 4. Ngf3 {[%emt 0:01:20]} Nf6 {[%emt 0:00:18]} 5. Bd3 {[%emt 0:00:52]} c5 {[%emt 0:00:17]} 6. c3 {[%emt 0:07:07]} cxd4 {[%emt 0:03:41]} 7. Nxd4 {[%emt 0:06:57]} e5 {[%emt 0:05:06]} 8. N4f3 {[%emt 0:01:56]} Nc6 {[%emt 0:04:18]} 9. O-O {[%emt 0:03:06]} O-O {[%emt 0:03:48]} 10. Qe2 {[%emt 0:03:52]} Bg4 {[%emt 0:03:57]} 11. exd5 {[%emt 0:08:35]} Qxd5 {[%emt 0:02:29]} 12. Ne4 {[%emt 0:02:12]} Rad8 {[%emt 0:07:14]} 13. Nxf6+ {[%emt 0:01:32]} Bxf6 {[%emt 0:00:19]} 14. Be4 {[%emt 0:02:24]} Qe6 {[%emt 0:06:49]} 15. Qc2 {[%emt 0:02:19]} Kh8 {[%emt 0:03:39]} 16. Qd1 1/2-1/2

[Event "Marienbad Open-B2 2019"]
[Site "Marianske Lazne"]
[Date "2019.01.22"]
[Round "5"]
[White "Ng, Jen Sheng"]
[Black "Stigar, Petter"]
[Result "0-1"]
[WhiteElo "2075"]
[BlackElo "2177"]
[Annotator "NA"]
[PlyCount "108"]
[EventDate "2019.01.17"]
[EventType "tourn"]
[EventCountry "CZE"]
[SourceTitle "playchess.com"]
[Source "ChessBase"]
[SourceQuality "1"]
[TimeControl "40/5400+30:1800+30"]

1. e4 {[%emt 0:00:00]} e6 {[%emt 0:00:08]} 2. d4 {[%emt 0:00:00]} d5 {[%emt 0:00:07]} 3. Nc3 {[%emt 0:00:00]} Nf6 {[%emt 0:00:13]} 4. Bg5 {[%emt 0:00:00]} dxe4 {[%emt 0:00:09]} 5. Bxf6 {[%emt 0:00:31]} gxf6 {[%emt 0:03:05]} 6. Nxe4 {[%emt 0:00:04]} f5 {[%emt 0:01:45]} 7. Ng3 {[%emt 0:00:07]} c5 {[%emt 0:02:23]} 8. Nf3 {[%emt 0:03:06]} Nc6 {[%emt 0:03:53]} 9. Bd3 {[%emt 0:26:00]} cxd4 {[%emt 0:02:00]} 10. O-O {[%emt 0:01:13]} Bd7 {[%emt 0:08:53]} 11. Qe2 {[%emt 0:03:57]} Be7 {[%emt 0:01:01]} 12. Rfe1 {[%emt 0:05:09]} Qc7 {[%emt 0:08:23]} 13. Bb5 {[%emt 0:02:44]} O-O-O {[%emt 0:01:21]} 14. Rad1 {[%emt 0:02:20]} Bb4 {[%emt 0:06:31]} 15. Rf1 {[%emt 0:02:27]} Bc5 {[%emt 0:01:21]} 16. Qc4 {[%emt 0:03:46]} Bb6 {[%emt 0:17:55]} 17. Rfe1 {[%emt 0:08:37]} Rhg8 {[%emt 0:03:27]} 18. Re2 {[%emt 0:07:36]} Rg4 {[%emt 0:01:53]} 19. Bxc6 {[%emt 0:08:32]} Bxc6 {[%emt 0:00:08]} 20. Rd3 {[%emt 0:03:31]} Bxf3 {[%emt 0:07:29]} 21. Qxc7+ {[%emt 0:00:06]} Kxc7 {[%emt 0:01:06]} 22. Rxf3 {[%emt 0:00:44]} Rdg8 {[%emt 0:01:26]} 23. Rd3 {[%emt 0:00:17]} Rd8 {[%emt 0:09:00]} 24. Nf1 {[%emt 0:03:30]} Re4 {[%emt 0:02:27]} 25. Red2 {[%emt 0:03:45]} Re1 26. Rh3 {[%emt 0:02:54]} Rh8 {[%emt 0:01:09]} 27. c3 {[%emt 0:01:45]} dxc3 {[%emt 0:04:09]} 28. Rxc3+ {[%emt 0:00:01]} Kb8 {[%emt 0:00:10]} 29. b4 {[%emt 0:00:12]} Rc8 {[%emt 0:01:28]} 30. Rxc8+ {[%emt 0:04:32]} Kxc8 {[%emt 0:00:02]} 31. g3 {[%emt 0:00:30]} Rb1 {[%emt 0:01:06]} 32. a3 {[%emt 0:00:15]} Rb3 {[%emt 0:02:04]} 33. Ra2 {[%emt 0:00:01]} Bd4 {[%emt 0:00:34]} 34. Nd2 {[%emt 0:00:50]} Rb2 {[%emt 0:01:52]} 35. Rxb2 {[%emt 0:00:01]} Bxb2 {[%emt 0:00:10]} 36. Nc4 {[%emt 0:00:01]} Bc1 {[%emt 0:00:20]} 37. a4 {[%emt 0:00:13]} Kd7 {[%emt 0:00:15]} 38. f4 {[%emt 0:05:40]} f6 {[%emt 0:01:47]} 39. b5 e5 {[%emt 0:01:27]} 40. fxe5 {[%emt 0:03:09]} fxe5 {[%emt 0:00:07]} 41. Nxe5+ {[%emt 0:30:03]} Ke6 {[%emt 0:30:12]} 42. Nd3 {[%emt 0:00:00]} Be3+ {[%emt 0:00:00]} 43. Kg2 {[%emt 0:00:00]} Kd5 {[%emt 0:00:00]} 44. Kf3 {[%emt 0:00:00]} Bd2 {[%emt 0:00:00]} 45. Nf4+ {[%emt 0:00:00]} Kc4 {[%emt 0:00:00]} 46. Ne6 {[%emt 0:00:00]} Kb4 {[%emt 0:00:00]} 47. Nd8 {[%emt 0:00:00]} Kxa4 {[%emt 0:00:00]} 48. Nxb7 {[%emt 0:00:00]} Bb4 {[%emt 0:00:00]} 49. Nd8 {[%emt 0:05:44]} Kxb5 {[%emt 0:00:00]} 50. Ne6 {[%emt 0:00:29]} Kc4 {[%emt 0:00:00]} 51. Ng7 {[%emt 0:00:36]} Kd3 {[%emt 0:00:24]} 52. Nxf5 {[%emt 0:00:20]} a5 {[%emt 0:00:10]} 53. Ne3 {[%emt 0:00:19]} a4 {[%emt 0:00:39]} 54. Nd5 {[%emt 0:00:34]} Bd6 {[%emt 0:04:03]} 0-1

[Event "Marienbad Open-B2 2019"]
[Site "Marianske Lazne"]
[Date "2019.01.23"]
[Round "6"]
[White "Frolov, Artur"]
[Black "Ng, Jen Sheng"]
[Result "1-0"]
[WhiteElo "2430"]
[BlackElo "2075"]
[Annotator "TA"]
[PlyCount "87"]
[EventDate "2019.01.17"]
[EventType "tourn"]
[EventCountry "CZE"]
[SourceTitle "playchess.com"]
[Source "ChessBase"]
[SourceQuality "1"]

{[%evp 31,87,-10,0,0,0,-4,-3,-12,-33,-52,-12,-56,-44,-50,-34,-43,-58,-68,-78,-64,-10,-13,-9,-2,0,0,0,0,0,-50,-45,-43,20,10,52,57,26,35,68,31,143,151,258,260,846,833,814,570,574,540,1255,1227,1605,844,29979,29980,29980,29981]} 1. e4 e6 2. d4 d5 3. Nd2 Nf6 4. e5 Nfd7 5. Bd3 c5 6. c3 Nc6 7. Ne2 cxd4 8. cxd4 f6 9. exf6 Nxf6 10. O-O Bd6 11. Nf3 Qc7 12. Nc3 a6 13. Bg5 O-O 14. Bh4 Nh5 15. Bg3 Nxg3 {C06: French Tarrasch: 3...Nf6 4 e5 Nfd7 5 Bd3 main lines} 16. hxg3 g6 {LiveBook: 10 Games} 17. Qd2 (17. Re1 Qg7 18. Bc2 Bd7 19. a3 Rf7 20. Qd2 Rxf3 21. gxf3 Nxd4 22. Kg2 Rf8 23. Bd1 {½-½ (68) Panchanathan,M (2578)-Sevillano,E (2500) Los Angeles 2013}) 17... Qg7 {The position is equal.} 18. Qe3 $146 ({Predecessor:} 18. Bc2 Bd7 19. Rad1 Rae8 20. Rfe1 Re7 21. a3 h6 22. b4 b5 23. Na2 {0-1 (41) Petersen,P (2214)-Cech,P (2404) Copenhagen 2004}) 18... Bd7 19. Rae1 Rae8 20. Bc2 Bb8 (20... Rxf3 $5 21. Qxf3 Nxd4 $15) 21. Qd2 Rxf3 22. gxf3 Nxd4 23. Bd1 g5 {[%mdl 1024] Black has compensation.} 24. Kg2 Rf8 $1 25. Rh1 {Threatening Rh5.} Qf6 (25... Be8 $15) 26. Qd3 $11 {[%csl Gh1][%cal Rd3h7] [#]} Rf7 27. Rh5 Bc6 28. Rxg5+ Qxg5 29. Qxd4 Rg7 {[%cal Rb8g3] [#] White must now prevent ...Bxg3!} 30. Qg4 (30. Ne2 {with more complications.} e5 31. Qc5 Qd8 32. Bb3 Kh8 33. Qe3) 30... Qxg4 31. fxg4 d4+ (31... Kf8 $15) 32. Ne4 Bd5 33. Bb3 $1 Bxb3 34. axb3 $14 {[%mdl 4096] Endgame KRB-KRN} Kf7 35. f4 {[%cal Bf2f4,Bf4f5][%mdl 32] Threatens to win with Ng5+.} e5 (35... Rxg4 $14 36. Ng5+ Kf6) 36. Kf3 $16 Ke6 (36... exf4 $16 37. gxf4 Kf8) 37. f5+ $18 Kd5 $2 (37... Kd7 38. Rh1 Bc7 39. Rxh7 Rxh7 40. Nf6+ Ke7 41. Nxh7 d3) 38. Rc1 {[%csl Ge4][%cal Rc1c5]} Rc7 39. Rxc7 Bxc7 40. Nf6+ Kc5 41. g5 {[%cal Bg4g5,Bg5g6][%mdl 32]} Bd8 42. Nxh7 Kd5 43. g6 e4+ 44. Kg2 {Precision: White = 64%, Black = 30%.} 1-0

[Event "Marienbad Open-B2 2019"]
[Site "Marianske Lazne"]
[Date "2019.01.23"]
[Round "6"]
[White "Plischki, Sebastian"]
[Black "German, Nikita"]
[Result "1/2-1/2"]
[WhiteElo "2426"]
[BlackElo "2162"]
[Annotator "TA"]
[PlyCount "88"]
[EventDate "2019.01.17"]
[EventType "tourn"]
[EventCountry "CZE"]
[SourceTitle "playchess.com"]
[Source "ChessBase"]
[SourceQuality "1"]

{[%evp 14,88,42,31,33,-11,-12,-22,-9,-70,-77,-76,-77,-97,-110,-77,-66,-81,-60,-72,-50,-52,-55,-119,-104,-143,-5,-37,-37,-37,-37,-37,-31,-39,-45,-42,-54,-112,-112,-110,-105,-118,-116,-120,-117,-129,-121,-117,-100,-104,-29,-38,-33,-38,-38,-28,-27,-36,-43,-34,-8,-18,-73,-145,0,0,57,57,68,67,62,0,44,0,51,0,6]} 1. c4 Nf6 2. Nc3 d6 3. d4 g6 4. e4 Bg7 5. Nf3 O-O 6. h3 Na6 7. Be3 c6 {E90: King's Indian: Classical: Early deviations and 6 h3} 8. g4 {[%cal Bg2g4,Bg4g5][%mdl 32] LiveBook: 9 Games} (8. Rc1 e5 9. d5 cxd5 10. cxd5 Ne8 11. g4 Kh8 12. Be2 f5 13. gxf5 gxf5 14. exf5 Bxf5 15. Ng5 {1-0 (36) Nepomniachtchi,I (2751)-Adhiban,B (2677) Tbilisi 2017}) 8... Nc7 9. Be2 b5 $146 ({Predecessor:} 9... d5 10. e5 Nd7 11. Nd2 dxc4 12. Nxc4 c5 13. dxc5 Nxe5 14. Qxd8 Rxd8 15. O-O {½-½ (69) Suarez Ramirez,J (1835)-Navio Lopez,M (1581) Arrecife de Lanzarote 2017}) 10. g5 Nd7 11. a3 (11. Qc2 $11) 11... bxc4 $1 $15 12. Bxc4 d5 13. Ba2 dxe4 14. Nxe4 Nd5 15. Qd2 Qb6 16. Rc1 a5 17. Kf1 Rb8 18. Rc2 ({Better is} 18. Kg2 $15) 18... Bb7 $1 $17 19. Kg2 {[#]} e5 (19... c5 $1 $17 {[%cal Rc5d4][%mdl 512] Hoping for ...cxd4.} 20. Nxc5 (20. dxc5 $2 Qe6 $19) 20... Nxc5 21. Rxc5 Qe6) 20. dxe5 (20. Rd1 {feels hotter.} a4 21. dxe5 Nxe3+ 22. Qxe3 Qxe3 23. fxe3 Nxe5 24. Nxe5 Bxe5 25. Nf6+) 20... Nxe3+ 21. Qxe3 Qxe3 22. fxe3 Nxe5 23. Nxe5 Bxe5 24. Nc5 Bc8 25. Rf1 (25. Rb1 $15) 25... Rxb2 26. Rxb2 Bxb2 27. a4 Kg7 28. Bc4 Ba3 29. Nb3 Bb4 30. Nd4 c5 31. Nb5 f6 ({Black should try} 31... Bb7+ $17 32. Kg1 Bd2) 32. Nd6 $11 {And now gxf6+ would win.} Bd7 33. Bb5 Bxb5 34. axb5 $15 {[%mdl 4096] Endgame Threatens to win with gxf6+. KRB-KRN} f5 ({Don't blunder} 34... fxg5 $2 35. Rxf8 Kxf8 36. b6 $18) 35. b6 Rb8 36. Nc4 Kf7 37. e4 Ke6 38. exf5+ {[#]} (38. Kf3 $142) 38... gxf5 (38... Kd5 $1 $17 {[%cal Rd5c4]} 39. Ne3+ Ke4 40. fxg6 hxg6) 39. Rd1 $11 Rb7 ({Black should play} 39... a4 $11) 40. Rd6+ $14 {[%mdl 1024] White has compensation.} Ke7 41. Rh6 Kd8 42. Rd6+ Ke7 43. Rh6 Kd8 44. Rd6+ Ke7 $1 {Accuracy: White = 37%, Black = 57%.} 1/2-1/2

[Event "Marienbad Open-B2 2019"]
[Site "Marianske Lazne"]
[Date "2019.01.23"]
[Round "6"]
[White "Lukasiewicz, Krzysztof"]
[Black "Cerveny, Petr"]
[Result "0-1"]
[WhiteElo "2223"]
[BlackElo "2318"]
[Annotator "NA"]
[PlyCount "116"]
[EventDate "2019.01.17"]
[EventType "tourn"]
[EventCountry "CZE"]
[SourceTitle "playchess.com"]
[Source "ChessBase"]
[SourceQuality "1"]
[TimeControl "40/5400+30:1800+30"]

1. e4 {[%emt 0:02:17]} c5 {[%emt 0:00:00]} 2. Nf3 {[%emt 0:00:05]} d6 {[%emt 0:00:00]} 3. d4 {[%emt 0:00:03]} cxd4 {[%emt 0:00:00]} 4. Nxd4 {[%emt 0:00:03]} Nf6 {[%emt 0:00:00]} 5. Nc3 {[%emt 0:00:03]} a6 {[%emt 0:00:00]} 6. Bc4 {[%emt 0:02:00]} e6 {[%emt 0:00:01]} 7. Bb3 {[%emt 0:00:02]} Be7 {[%emt 0:02:29]} 8. O-O {[%emt 0:00:20]} O-O {[%emt 0:00:37]} 9. Qf3 {[%emt 0:08:47]} Nbd7 {[%emt 0:04:32]} 10. Qg3 {[%emt 0:00:47]} Nc5 {[%emt 0:01:09]} 11. Bh6 {[%emt 0:02:30]} Ne8 {[%emt 0:00:24]} 12. Be3 {[%emt 0:02:39]} Bh4 {[%emt 0:08:29]} 13. Qg4 {[%emt 0:11:34]} Bf6 {[%emt 0:02:46]} 14. Qe2 {[%emt 0:04:00]} b5 {[%emt 0:08:35]} 15. e5 {[%emt 0:16:42]} dxe5 {[%emt 0:34:58]} 16. Nc6 {[%emt 0:00:58]} Qd6 {[%emt 0:02:26]} 17. Na5 {[%emt 0:03:13]} Be7 {[%emt 0:05:27]} 18. Qf3 {[%emt 0:03:13]} Rb8 {[%emt 0:02:53]} 19. Rfd1 {[%emt 0:12:52]} Qc7 {[%emt 0:00:35]} 20. Nc6 {[%emt 0:00:49]} Bb7 {[%emt 0:00:51]} 21. Nxe7+ {[%emt 0:01:08]} Qxe7 {[%emt 0:00:05]} 22. Qg3 {[%emt 0:00:11]} Nxb3 {[%emt 0:10:01]} 23. axb3 {[%emt 0:00:29]} f6 {[%emt 0:01:03]} 24. Ba7 {[%emt 0:03:12]} Rc8 {[%emt 0:01:32]} 25. Qe3 {[%emt 0:00:52]} Rf7 {[%emt 0:01:13]} 26. Bb6 {[%emt 0:00:13]} Nd6 {[%emt 0:01:46]} 27. Bc5 {[%emt 0:01:12]} Nf5 {[%emt 0:00:18]} 28. Bxe7 {[%emt 0:01:23]} Nxe3 {[%emt 0:00:05]} 29. fxe3 {[%emt 0:00:14]} Rxe7 {[%emt 0:00:05]} 30. Rd2 {[%emt 0:00:04]} Kf7 {[%emt 0:01:23]} 31. Rad1 {[%emt 0:00:06]} Rec7 {[%emt 0:01:04]} 32. b4 {[%emt 0:02:40]} Ke7 {[%emt 0:00:28]} 33. Na2 {[%emt 0:00:25]} Bd5 {[%emt 0:00:29]} 34. Nc3 {[%emt 0:00:05]} Bc6 {[%emt 0:01:19]} 35. Ne2 {[%emt 0:00:17]} Rd7 {[%emt 0:03:41]} 36. Nc1 {[%emt 0:00:27]} Rxd2 {[%emt 0:00:33]} 37. Rxd2 {[%emt 0:00:24]} Be4 {[%emt 0:00:41]} 38. c3 {[%emt 0:00:04]} Bd5 {[%emt 0:00:23]} 39. Nd3 {[%emt 0:01:27]} e4 {[%emt 0:00:55]} 40. Nc5 {[%emt 0:03:35]} a5 {[%emt 0:00:45]} 41. Na6 {[%emt 0:31:35]} Rc6 {[%emt 0:33:28]} 42. Nc5 {[%emt 0:00:51]} axb4 {[%emt 0:00:51]} 43. cxb4 {[%emt 0:00:05]} Rc7 {[%emt 0:00:22]} 44. Kf2 {[%emt 0:00:16]} Ra7 {[%emt 0:00:56]} 45. Kg3 {[%emt 0:00:11]} f5 {[%emt 0:00:24]} 46. Kf4 {[%emt 0:01:04]} Kd6 {[%emt 0:00:00]} 47. g4 {[%emt 0:00:00]} Rf7 {[%emt 0:00:00]} 48. gxf5 {[%emt 0:00:00]} Rxf5+ {[%emt 0:00:00]} 49. Kg4 {[%emt 0:00:00]} Ke7 {[%emt 0:00:00]} 50. Rd4 {[%emt 0:00:00]} Rf2 {[%emt 0:00:00]} 51. Nxe4 {[%emt 0:00:00]} Rxh2 {[%emt 0:00:00]} 52. Nd2 {[%emt 0:00:00]} Rg2+ {[%emt 0:00:00]} 53. Kh3 {[%emt 0:00:00]} Re2 {[%emt 0:00:00]} 54. e4 {[%emt 0:00:00]} Bc6 {[%emt 0:00:00]} 55. Kg3 {[%emt 0:00:00]} e5 {[%emt 0:00:23]} 56. Kf3 {[%emt 0:00:00]} Rh2 {[%emt 0:00:26]} 57. Kg3 {[%emt 0:00:00]} exd4 {[%emt 0:00:37]} 58. Kxh2 {[%emt 0:00:00]} Kf6 {[%emt 0:00:58]} 0-1

[Event "Marienbad Open-B2 2019"]
[Site "Marianske Lazne"]
[Date "2019.01.23"]
[Round "6"]
[White "Stigar, Petter"]
[Black "Kacharava, Nikolozi"]
[Result "1/2-1/2"]
[WhiteElo "2177"]
[BlackElo "2397"]
[Annotator "NA"]
[PlyCount "31"]
[EventDate "2019.01.17"]
[EventType "tourn"]
[EventCountry "CZE"]
[SourceTitle "playchess.com"]
[Source "ChessBase"]
[SourceQuality "1"]
[TimeControl "40/5400+30:1800+30"]

1. d4 {[%emt 0:00:00]} d6 {[%emt 0:00:00]} 2. Nf3 {[%emt 0:00:00]} Nf6 {[%emt 0:00:16]} 3. c4 {[%emt 0:00:07]} g6 {[%emt 0:00:20]} 4. g3 {[%emt 0:00:10]} Bg7 {[%emt 0:00:25]} 5. Bg2 {[%emt 0:00:27]} O-O {[%emt 0:00:21]} 6. O-O {[%emt 0:00:12]} Nc6 {[%emt 0:00:33]} 7. Nc3 {[%emt 0:05:14]} e5 {[%emt 0:00:30]} 8. dxe5 {[%emt 0:00:23]} dxe5 {[%emt 0:00:39]} 9. Bg5 {[%emt 0:00:28]} Be6 {[%emt 0:00:40]} 10. Nd5 {[%emt 0:00:34]} Bxd5 {[%emt 0:18:36]} 11. Bxf6 {[%emt 0:00:44]} Bxf6 {[%emt 0:01:27]} 12. cxd5 {[%emt 0:07:29]} Ne7 {[%emt 0:07:25]} 13. Ne1 {[%emt 0:10:51]} c6 {[%emt 0:02:58]} 14. dxc6 {[%emt 0:04:20]} Nxc6 {[%emt 0:00:51]} 15. Nd3 {[%emt 0:05:57]} Qb6 {[%emt 0:04:19]} 16. Rc1 {[%emt 0:11:55]} 1/2-1/2

[Event "Marienbad Open-B2 2019"]
[Site "Marianske Lazne"]
[Date "2019.01.23"]
[Round "6"]
[White "Hesse, Henrik"]
[Black "Jurek, Josef"]
[Result "1/2-1/2"]
[WhiteElo "2166"]
[BlackElo "2273"]
[Annotator "NA"]
[PlyCount "30"]
[EventDate "2019.01.17"]
[EventType "tourn"]
[EventCountry "CZE"]
[SourceTitle "playchess.com"]
[Source "ChessBase"]
[SourceQuality "1"]
[TimeControl "40/5400+30:1800+30"]

1. c4 {[%emt 0:00:00]} Nf6 {[%emt 0:00:00]} 2. g3 {[%emt 0:00:27]} e6 {[%emt 0:00:00]} 3. Bg2 {[%emt 0:00:26]} d5 {[%emt 0:00:15]} 4. Nf3 {[%emt 0:00:23]} dxc4 {[%emt 0:00:22]} 5. Qa4+ {[%emt 0:00:59]} c6 {[%emt 0:00:15]} 6. Qxc4 {[%emt 0:00:16]} b5 {[%emt 0:00:15]} 7. Qc2 {[%emt 0:02:24]} Bb7 {[%emt 0:00:14]} 8. O-O {[%emt 0:07:33]} Nbd7 {[%emt 0:05:44]} 9. a4 {[%emt 0:15:50]} a6 {[%emt 0:03:53]} 10. Nd4 {[%emt 0:07:57]} Rc8 {[%emt 0:05:48]} 11. Nb3 {[%emt 0:14:25]} Qb6 {[%emt 0:09:52]} 12. d4 {[%emt 0:01:11]} c5 {[%emt 0:03:11]} 13. dxc5 {[%emt 0:12:19]} Nxc5 {[%emt 0:04:14]} 14. Bxb7 {[%emt 0:03:05]} Qxb7 {[%emt 0:00:30]} 15. axb5 {[%emt 0:00:26]} axb5 {[%emt 0:05:26]} 1/2-1/2